000 00593nam a22002297a 4500
003 UA-OsUOA
001 89448
007 ta
008 20121106b un ||||| |||| 00| 0 ukr d
100 _aІваничук Р.І.
090 _a821.161.2
_bІ-99
942 _cBK
040 _aUA-OsUOA
_bukr
_cUA-OsUOA
_dUA-OsUOA
245 _aВода з каменю
_bРоман
300 _a242 с.
955 _a3
041 _aukr
080 _a821.161.2
260 _aК.
_bДніпро
_c1983
650 7 _a82 Література. Літературознавство
_2UDC
999 _c375727
_d375727